Normal view
MARC view
Entry Personal Name
001 - CONTROL NUMBER
- control field: 7875
003 - CONTROL NUMBER IDENTIFIER
- control field: OSt
005 - DATE AND TIME OF LATEST TRANSACTION
- control field: 20211028144257.0
008 - FIXED-LENGTH DATA ELEMENTS
- fixed length control field: 211028|| aca||aabn | a|a d
040 ## - CATALOGING SOURCE
- Original cataloging agency: OSt
- Transcribing agency: OSt
100 ## - HEADING--PERSONAL NAME
- Personal name: Dias, Nelson; James, Justine P.
- Miscellaneous information: 1616120
670 ## - SOURCE DATA FOUND
- Source citation: Work cat.: (OSt): Dias, Nelson; James, Justine P. 1616120, Study on B2B customers attitude and preferences towards products and service quality of casting : with reference to Vijay technnocrats pvt ltd., 2018